Capitales sans les lettres de "Djibouti" - Statistiques

Statistiques générales
  • Ce quiz a été pris 6 fois
    3 depuis la dernière actualisation
  • Le résultat moyen est 5 sur 15
Statistiques - réponses
Continents Capitales % Correct
Afrique Alger
100%
Asie Ankara
67%
Amérique du Sud Caracas
67%
Afrique Accra
33%
Asie Amman
33%
Afrique Asmara
33%
Asie Erevan
33%
Afrique Harare
33%
Amérique du Nord La Havane
33%
Asie Manama
33%
Amérique du Nord Panama
33%
Asie Sanaa
33%
Afrique Kampala
0%
Asie Malé
0%
Océanie Yaren
0%
Aucun quiz correspondant
Distribution des résultats
% des personnes avec chaque résultat
Percentile par nombre de réponses
Votre historique - résultats
Vous n’avez pas pris ce quiz depuis la dernière actualisation